Statistiques concernant Tous les pokémon de Red

Cliquez ici pour prendre le quiz!

Statistiques générales

  • Ce quiz a été pris 61 fois
  • Le résultat moyen est 6 sur 9

Statistiques - réponses

HintRéponse% Correct
Dracaufeu
98%
Florizarre
96%
Or & Argent
& Cristal
Pikachu
96%
Tortank
93%
Ronflex
78%
Heartgold
& Soulsilver
Lokhlass
67%
Mentali
54%
Let's Go Pikachu
& Evoli
Mackogneur
37%
Arcanin
26%

Distribution des résultats

Percentile par nombre de réponses

% des personnes avec chaque résultat

Votre développement - résultats

Vous n’avez pas pris ce quiz